Normal view
MARC view
Entry Personal Name
001 - CONTROL NUMBER
- control field: 74210
003 - CONTROL NUMBER IDENTIFIER
- control field: dpl
005 - DATE AND TIME OF LATEST TRANSACTION
- control field: 20241128115538.0
008 - FIXED-LENGTH DATA ELEMENTS
- fixed length control field: 241128|| aca||aabn | a|a d
040 ## - CATALOGING SOURCE
- Original cataloging agency: dpl
- Transcribing agency: dpl
100 ## - HEADING--PERSONAL NAME
- Personal name: Rao,M.B
670 ## - SOURCE DATA FOUND
- Source citation: Work cat.: (dpl)206217: Rao,M.B, Checklists & Frequently asked Questions in Forensic Science & Forensic Medicine /, 2014
